臺大醫院減肥班8週燃脂瘦身全書 : (Record no. 7690)

MARC details
000 -LEADER
fixed length control field 01007cam a2200277 i 4500
001 - CONTROL NUMBER
control field 1883118
003 - CONTROL NUMBER IDENTIFIER
control field YEEZEN
005 - DATE AND TIME OF LATEST TRANSACTION
control field 20260127140811.0
008 - FIXED-LENGTH DATA ELEMENTS--GENERAL INFORMATION
fixed length control field 250822s2025 ch ak 000 0 chi c
020 ## - INTERNATIONAL STANDARD BOOK NUMBER
International Standard Book Number 9786267521700
Qualifying information (平裝) :
Terms of availability 新台幣580元
040 ## - CATALOGING SOURCE
Original cataloging agency PVY
Language of cataloging chi
Transcribing agency PVY
041 0# - LANGUAGE CODE
Language code of text/sound track or separate title chi
042 ## - AUTHENTICATION CODE
Authentication code nbic
090 ## - LOCALLY ASSIGNED LC-TYPE CALL NUMBER (OCLC); LOCAL CALL NUMBER (RLIN)
Classification number (OCLC) (R) ; Classification number, CALL (RLIN) (NR) 411.94
Local cutter number (OCLC) ; Book number/undivided call number, CALL (RLIN) 4477
110 2# - MAIN ENTRY--CORPORATE NAME
Corporate name or jurisdiction name as entry element 臺大醫院健康教育中心與營養師團隊
245 10 - TITLE STATEMENT
Title 臺大醫院減肥班8週燃脂瘦身全書 :
Remainder of title 17位多科醫療專家傳授安全有效營養×運動×心理的健康減重法 /
Statement of responsibility, etc. 臺大醫院健康教育中心與營養師團隊合著
246 1# - VARYING FORM OF TITLE
Display text 英文題名:
Title proper/short title Multidisciplinary weight reduction program.
250 ## - EDITION STATEMENT
Edition statement 初版
260 ## - PUBLICATION, DISTRIBUTION, ETC.
Place of publication, distribution, etc. 台北市 :
Name of publisher, distributor, etc. 原水文化出版 ,
-- 家庭傳媒城邦分公司發行,
Date of publication, distribution, etc. 2025.07
300 ## - PHYSICAL DESCRIPTION
Extent 335面 :
Other physical details 圖,表 ;
Dimensions 23公分
490 0# - SERIES STATEMENT
Series statement 悅讀健康系列 ;
Volume/sequential designation HD3211.
490 0# - SERIES STATEMENT
Series statement 身心靈書房
650 #7 - SUBJECT ADDED ENTRY--TOPICAL TERM
Source of heading or term lcstt
Topical term or geographic name entry element 減重
650 #7 - SUBJECT ADDED ENTRY--TOPICAL TERM
Source of heading or term lcstt
Topical term or geographic name entry element 健康法
942 ## - ADDED ENTRY ELEMENTS (KOHA)
Source of classification or shelving scheme 中文圖書分類法
Koha item type 一般圖書
Holdings
撤銷狀態 遺失狀態 分類號來源 損壞狀態 不外借 永久館藏地 現在館藏地 書架位置 採購日期 全部借出 全部續借 完整索書號 條碼號 最後一次日期記錄 Date last checked out 一般價格有效日期 Koha館藏類型 公開資訊
未註銷館藏 未遺失 中文圖書分類法 未損毀 可外借 怡仁綜合醫院圖書館 怡仁綜合醫院圖書館   2026-01-27 3 1 411.94 C03274 2026-03-31 2026-03-27 2026-01-27 一般圖書 國內第一本 多科醫療團隊╳飲食搭配運動 ╳ 全人身心照護 減重實戰指南 17位多科醫療專家傳授安全有效永續營養 ╳ 運動 ╳ 心理的健康減重法 肥胖不只是外型問題,更是影響健康的重要因素! 世界衛生組織已將肥胖列為慢性疾病: ˙肥胖者罹患糖尿病、代謝症候群及血脂異常的風險超過3倍 ˙發生高血壓、心血管疾病、膝關節炎、痛風的風險高達2倍
怡仁醫院| 地址:32643桃園市楊梅區楊新北路321巷30號 | 服務專線:03-4855566 | 電子郵件信箱:
Copyright © 1996 CHC Hospital